| Поле | Название | Значение |
| |
Тип записи |
c |
| |
Библиографический уровень |
m |
| 001 |
Контрольный номер |
UONB/MAIN/5856bba384454bd8bce2b8dc23ebb38a |
| 005 |
Дата корректировки |
20251125135026.9 |
| 010 |
Индекс ISBN |
__ |
| d |
Цена |
45 к. |
| 9 |
Тираж |
11500 экз. |
| 071 |
Издательские номер (звукозапись и ноты) |
21 |
| a |
Номер, присвоенный агентством |
3178 |
| 100 |
Данные общей обработки |
__ |
| a |
Данные общей обработки |
20220330g1985 ||uy0rusy0189 ca |
| 101 |
Язык документа |
0_ |
| a |
Язык текста |
rus |
| f |
Язык титульного листа |
rus |
| 102 |
Страна публикации |
__ |
| a |
Страна публикации |
RU |
| 125 |
Кодированные данные звукозаписи и нотных изданий |
__ |
| a |
Форма изложения нотного текста |
c |
| 128 |
Кодированные данные (звукозаписи-физические характеристики) |
__ |
| a |
Кодированные данные: Музыкальная форма и тональность или лад |
sg |
| c |
Инструменты или голоса, рекомендуемые для солистов (устаревшее) |
kt |
| 200 |
Заглавие и сведения об ответственности |
1_ |
| a |
Заглавие |
Вып. 17 |
| b |
Общее обозначение материала |
Ноты |
| f |
Первые сведения об ответственности |
сост. Е. Ларина |
| g |
Последующие сведения об ответственности |
перелож. выполнены В. Кукиным |
| 210 |
Выходные данные |
1_ |
| d |
Дата издания |
1985 |
| 215 |
Физическое описание |
__ |
| a |
Объем |
32 с. включ. обл. |
| 327 |
Примечание о содержании |
11 |
| a |
Примечание о содержании |
Содерж.: Плешак В. Парад Победы / сл. В. Левтова. - Соловьев-Седой В. Наш город / сл. А. Фатьянова ; Услышь меня, хорошая / сл. М. Исаковского. - Краубнер П. и Шенберг Л. Песня о Ладоге / сл. П. Богданова. - Шостакович Д. Песенка о фонарике / сл. М. Светлова. - Портнов Г. Старинные вальсы : из кф. "Вот такая музыка" / сл. Г. Горбовского. - Успенский В. Шире круг! / сл. Б. Гершта. - Дунаевский М. Городские цветы / сл. Л. Дербенева. - Баснер В. Романс : из муз. к телеспектаклю "Дни Турбиных" / сл. М. Матусовского. - Морозов А. Чудесный месяц горит над рекою / сл. Н. Рубцова. |
| 461 |
Уровень набора |
_0 |
| 1 |
|
2001 |
| a |
|
Популярные песни в переложении для баяна или аккордеона |
| b |
|
Ноты |
| e |
|
[с надпис. текстом] |
| v |
|
Вып. 17 |
| 1 |
|
2101 |
| a |
|
М. |
| c |
|
Музыка |
| d |
|
1982 - |
| 1 |
|
001UONB/MAIN/3f953c3232fc466c979063380d5fd5f1 |
| 464 |
Аналитический уровень |
_0 |
| 1 |
|
700 1 |
| a |
|
Плешак |
| b |
|
В. |
| 1 |
|
2001 |
| a |
|
Парад Победы |
| e |
|
Ты помнишь, друг, как мы с тобой... |
| 1 |
|
702 1 |
| a |
|
Левтов |
| b |
|
В. |
| 4 |
|
520 |
| 464 |
Аналитический уровень |
_0 |
| 1 |
|
700 1 |
| a |
|
Соловьев-Седой |
| b |
|
В. |
| 1 |
|
2001 |
| a |
|
Наш город |
| e |
|
За заставами ленинградскими... |
| 1 |
|
702 1 |
| a |
|
Фатьянов |
| b |
|
А. |
| 4 |
|
520 |
| 464 |
Аналитический уровень |
_0 |
| 1 |
|
700 1 |
| a |
|
Краубнер |
| b |
|
П. |
| 1 |
|
701 1 |
| a |
|
Шенберг |
| b |
|
Л. |
| 1 |
|
2001 |
| a |
|
Песня о Ладоге |
| e |
|
Сквозь ветры, штормы, через все преграды... |
| 1 |
|
702 1 |
| a |
|
Богданов |
| b |
|
П. |
| 4 |
|
520 |
| 464 |
Аналитический уровень |
_0 |
| 1 |
|
700 1 |
| a |
|
Шостакович |
| b |
|
Д. |
| 1 |
|
2001 |
| a |
|
Песенка о фонарике |
| e |
|
Над родной Москвою, вдоль Москва-реки... |
| 1 |
|
702 1 |
| a |
|
Светлов |
| b |
|
М. |
| 4 |
|
520 |
| 464 |
Аналитический уровень |
_0 |
| 1 |
|
50010 |
| а |
|
Вот такая музыка |
| 1 |
|
2001 |
| a |
|
Старинные вальсы |
| e |
|
Давайте припомним, как вальс назывался... |
| e |
|
из кф. "Вот такая музыка" |
| 1 |
|
700 1 |
| a |
|
Портнов |
| b |
|
Г. |
| 1 |
|
702 1 |
| a |
|
Горбовский |
| b |
|
Г. |
| 4 |
|
520 |
| 464 |
Аналитический уровень |
_0 |
| 1 |
|
700 1 |
| a |
|
Успенский |
| b |
|
В. |
| 1 |
|
2001 |
| a |
|
Шире круг! |
| 1 |
|
702 1 |
| a |
|
Гершт |
| b |
|
Б. |
| 4 |
|
520 |
| 464 |
Аналитический уровень |
_0 |
| 1 |
|
700 1 |
| a |
|
Дунаевский |
| b |
|
М. |
| 1 |
|
2001 |
| a |
|
Городские цветы |
| e |
|
В городах, где зимою не видно зари... |
| 1 |
|
702 1 |
| a |
|
Дербенев |
| b |
|
Л. |
| 4 |
|
520 |
| 464 |
Аналитический уровень |
_0 |
| 1 |
|
700 1 |
| a |
|
Соловьев-Седой |
| b |
|
В. |
| 1 |
|
2001 |
| a |
|
Услышь меня, хорошая |
| e |
|
Услышь меня, хорошая... |
| 1 |
|
702 1 |
| a |
|
Исаковский |
| b |
|
М. |
| 4 |
|
520 |
| 464 |
Аналитический уровень |
_0 |
| 1 |
|
50010 |
| а |
|
Дни Турбиных |
| 1 |
|
2001 |
| a |
|
Романс |
| e |
|
Целую ночь соловей нам насвистывал... |
| e |
|
из муз. к телеспектаклю "Дни Турбиных" |
| 1 |
|
700 1 |
| a |
|
Баснер |
| b |
|
В. |
| 1 |
|
702 1 |
| a |
|
Матусовский |
| b |
|
М. |
| 4 |
|
520 |
| 464 |
Аналитический уровень |
_0 |
| 1 |
|
700 1 |
| a |
|
Морозов |
| b |
|
А. |
| 1 |
|
2001 |
| a |
|
Чудный месяц горит над рекою |
| e |
|
Чудный месяц горит над рекою... |
| 1 |
|
702 1 |
| a |
|
Рубцов |
| b |
|
Н. |
| 4 |
|
520 |
| 512 |
Заглавие обложки |
1_ |
| a |
Заглавие обложки |
Популярные песни в переложении для баяна или аккордеона |
| 606 |
Тематические рубрики |
0_ |
| a |
Основная рубрика |
Баян |
| x |
Основная подрубрика |
Популярные песни |
| 606 |
Тематические рубрики |
0_ |
| a |
Основная рубрика |
Аккордеон |
| x |
Основная подрубрика |
Популярные песни |
| 610 |
Ключевые слова |
0_ |
| a |
Ключевые слова |
баян; аккордеон; популярные песни; переложения |
| 686 |
Индексы других классификаций |
__ |
| 2 |
Код системы |
rubbk |
| a |
Классификационный индекс |
85.954.6-094-041(2)я43 |
| a |
Классификационный индекс |
85.954.7-094-041(2)я43 |
| 702 |
Вторичная интеллектуальная ответственность |
_1 |
| a |
Фамилия |
Ларина |
| b |
Имя (инициалы) |
Е. А. |
| g |
Полное личное имя |
Елена Александровна |
| 4 |
Код отношения |
220 |
| 702 |
Вторичная интеллектуальная ответственность |
_1 |
| a |
Фамилия |
Кукин |
| b |
Имя (инициалы) |
В. |
| 4 |
Код отношения |
030 |
| 801 |
Источник записи |
_0 |
| a |
Страна |
RU |
| b |
Организация |
Ульяновская ОНБ |
| c |
Дата составления |
20220330 |
| g |
Правила каталогизации |
RCR |
| 801 |
Источник записи |
_1 |
| a |
Страна |
RU |
| b |
Организация |
Ульяновская ОНБ |
| c |
Дата составления |
20220330 |
| g |
Правила каталогизации |
RCR |
| 901 |
Тип документа |
__ |
| t |
Тип документа |
n |
| w |
Контрольный № источника |
UONB/MAIN/3f953c3232fc466c979063380d5fd5f1 |
| 909 |
Создатель записи |
__ |
| a |
Создатель записи |
Грязнова И. Е. |